Andorra-Quiz - Sudden Death - Statistiken

Allgemein
  • Dieses Quiz wurde 117 mal gespielt
  • Das Durchschnittsergebnis liegt bei 2 aus 10
Answers on the Grid
Answers color-coded by a green-red scale on the quiz's grid according to % correct below.
Dies ist die Flagge Andorras: 🇲🇩
Andorra ist kein Binnenstaat
Die Hauptstadt von Andorra ist ebenfalls Andorra
Andorra gehört nicht zu den 10 kleinsten Ländern der Welt
Das KFZ-Kennzeichen von Andorra lautet "AND"
Die Hauptstadt des Landes ist die höchstgelegene in Europa
Andorra ist weder in der EU, noch in der NATO
Andorra hat ein eigenes Militär
Andorra ist ein Großherzogtum
Andorra liegt in den Pyrenäen
In Andorra leben mehr Männer als Frauen
Die offizielle Amtssprache Andorras ist Katalanisch
Andorra grenzt an ein Land mit dieser Flagge: 🇵🇹
Das BIP pro Kopf in Andorra ist niedriger als das von Spanien
Die Fläche von Andorra ist geringer als die von Liechtenstein
Andorra hat mehr Einwohner als Liechtenstein und Monaco gemeinsam
Andorra hat noch nie den ESC gewonnen
Andorra grenzt an Frankreich
In Andorra zahlt man nicht mit dem Euro
Andorra liegt nicht in den Karpaten
 
Antwortstatistiken
Antwort % Korrekt
Andorra grenzt an Frankreich
51%
Andorra liegt in den Pyrenäen
49%
Die offizielle Amtssprache Andorras ist Katalanisch
28%
Andorra liegt nicht in den Karpaten
26%
Das KFZ-Kennzeichen von Andorra lautet "AND"
23%
Andorra hat noch nie den ESC gewonnen
21%
Die Hauptstadt des Landes ist die höchstgelegene in Europa
21%
Andorra hat mehr Einwohner als Liechtenstein und Monaco gemeinsam
7%
In Andorra leben mehr Männer als Frauen
7%
Andorra gehört nicht zu den 10 kleinsten Ländern der Welt
5%
Keine übereinstimmenden Quizze gefunden
Verteilung der Resultate
Anzahl Personen mit jedem Resultat
Perzentil nach korrekt beantworteten Fragen
Ihre Resultats-Entwicklung
Sie haben dieses Quiz noch nicht gespielt